000 01015nac a22003131i 4500
003 EG-ScBUE
005 20260330101234.0
008 260315t1994 iaua f bd 001 0 eng d
020 _a0697137147 (pbk.) :
020 _a9780697137142
035 _a(OCoLC)29681719
040 _aEG-ScBUE
_beng
_erda
_cEG-ScBUE
_dEG-ScBUE
082 0 4 _a581
_bSTE
_222
100 1 _aStern, Kingsley R.,
_eauthor.
245 1 0 _aIntroductory plant biology /
_cKingsley R. Stern, California State University-Chico.
264 1 _aDubuque, IA :
_bWm. C. Brown Publishers,
_c[1994]
264 4 _cc1994
300 _axiii, 537 pages :
_billustrations (some color) ;
_c28 cm
336 _2rdacontent
_atext
_btxt
337 _aunmediated
_2rdamedia
_bn
338 _avolume
_bnc
_2rdacarrier
500 _aIncludes glossary.
500 _aIncludes Appendices.
504 _aIncludes bibliographical references and index.
650 7 _aBotany.
_2BUEsh
655 _vReading book
740 0 _aPlant biology.
942 _cBB
_2ddc
999 _c10015
_d10015